Acciones e intenciones de mujeres (Registro nro. 15683)

Detalles MARC
000 -LEADER
campo de control de longitud fija 00815nam a2200241 i 4500
001 - NÚMERO DE CONTROL
campo de control 15683
003 - IDENTIFICADOR DE NÚMERO DE CONTROL
campo de control ES-MaACL
005 - FECHA Y HORA DE LA ÚLTIMA TRANSACCIÓN
campo de control 20250808012057.0
007 - CAMPO FIJO DE DESCRIPCIÓN FÍSICA--INFORMACIÓN GENERAL
campo de control de longitud fija t|
008 - DATOS DE LONGITUD FIJA--INFORMACIÓN GENERAL
campo de control de longitud fija 000504s1995 sp ||||0| spa j
020 ## - NÚMERO INTERNACIONAL ESTÁNDAR DEL LIBRO
Número Internacional Estándar del Libro 84-87715-54-0
080 ## - NÚMERO DE LA CLASIFICACIÓN DECIMAL UNIVERSAL
Número de la Clasificación Decimal Universal 271-055.2(460.27 M.)
100 1# - ENTRADA PRINCIPAL--NOMBRE DE PERSONA
Nombre de persona Muñoz Fernández, Angela.
9 (RLIN) 84413
245 10 - MENCIÓN DEL TÍTULO
Título Acciones e intenciones de mujeres
Resto del título : vida religiosa de las madrileñas (ss. XV-XVI) /
Mención de responsabilidad, etc. Angela Muñoz Fernández.
260 ## - PUBLICACIÓN, DISTRIBUCIÓN, ETC.
Lugar de publicación, distribución, etc. Madrid :
Nombre del editor, distribuidor, etc. Horas y Horas,
Fecha de publicación, distribución, etc. [1995]
300 ## - DESCRIPCIÓN FÍSICA
Extensión 222 p. ;
Dimensiones 21 cm.
490 1# - MENCIÓN DE SERIE
Mención de serie Mujeres en Madrid
650 #4 - PUNTO DE ACCESO ADICIONAL DE MATERIA--TÉRMINO DE MATERIA
Término de materia o nombre geográfico como elemento de entrada Órdenes y congregaciones religiosas de mujeres-
Subdivisión geográfica Madrid.
9 (RLIN) 154947
650 07 - PUNTO DE ACCESO ADICIONAL DE MATERIA--TÉRMINO DE MATERIA
Término de materia o nombre geográfico como elemento de entrada Vida monástica y religiosa femenina
Fuente del encabezamiento o término embne
9 (RLIN) 155560
830 0# - PUNTO DE ACCESO ADICIONAL DE SERIE-TÍTULO UNIFORME
Título uniforme Mujeres en Madrid
9 (RLIN) 179213
852 ## - LOCALIZACIÓN
Ubicación ES-MaACL
Número de control de estantería L-23058
Existencias
Estatus retirado Estado de pérdida Estado de daño No para préstamo Biblioteca de origen Biblioteca actual Ubicación en estantería Fecha de adquisición Fuente de adquisición Total de préstamos Signatura topográfica completa Código de barras Visto por última vez Precio de reemplazo Tipo de ítem Koha
        Biblioteca del Ateneo de Madrid Biblioteca del Ateneo de Madrid Depósito 2 17/01/2008     L-23058 1015942 23/02/2023 23/02/2023 Libro impreso